Hydrodynamic modelling of the flood on the Topľa river
Salvato in:
| Autore principale: | |
|---|---|
| Altri autori: | |
| Natura: | Manoscritto Libro |
| Lingua: | slovacco inglese |
| Pubblicazione: |
2025
|
| Soggetti: | |
| Accesso online: | http://is.stuba.sk/zp/portal_zp.pl?podrobnosti=175651 CRZP |
| Tags: |
Nessun Tag, puoi essere il primo ad aggiungerne!!
|
MARC
| LEADER | 00000ntm a22000003a 4500 | ||
|---|---|---|---|
| 001 | stuzp105589 | ||
| 003 | SK-STU | ||
| 005 | 20250729142803.6 | ||
| 007 | ta | ||
| 008 | 150427s2015----xo-----f-mn---000-0-slo-d | ||
| 040 | |a STU |b slo | ||
| 041 | 0 | |a eng | |
| 100 | 1 | |a Nahle, Fatima |u 010170 |4 aut |U SvF Stavebná fakulta |T SvF Katedra hydrotechniky |X 105717 |U V170 |Y 17 |7 105717 | |
| 242 | 0 | 1 | |a Hydrodynamické modelovanie povodne na rieke Topľa |y slo |
| 245 | 1 | 0 | |a Hydrodynamic modelling of the flood on the Topľa river |
| 260 | |c 2025 | ||
| 650 | 4 | |a Flood Risk Management |2 eng | |
| 650 | 4 | |a Topľa River |2 eng | |
| 650 | 4 | |a Hydrodynamic Modeling |2 eng | |
| 650 | 4 | |a Rieka Topľa |2 slo | |
| 650 | 4 | |a Riadenie povodňového rizika |2 slo | |
| 650 | 4 | |a Hydrodynamické modelovanie |2 slo | |
| 700 | 1 | |a Orfánus, Martin |u 010170 |k Z1 |4 ths |U SvF Stavebná fakulta |T SvF Katedra hydrotechniky |X 19921 |U V170 |Y 17 |7 A000019921 | |
| 856 | 4 | |u http://is.stuba.sk/zp/portal_zp.pl?podrobnosti=175651 | |
| 856 | 4 | |u https://opac.crzp.sk/?fn=detailBiblioForm&sid=C9A1C75A261DD259F083401E26A3 |z CRZP | |